[Event "Alushta Rapid op"]
[Site "Alushta"]
[Date "2023.07.11"]
[Round "3"]
[White "Chudinovskikh, Alexander M"]
[Black "Kryakvin, Dmitry"]
[Result "0-1"]
[WhiteElo "2070"]
[BlackElo "2471"]
[PlyCount "94"]
[EventDate "2023.07.11"]
[EventType "swiss (rapid)"]
[EventRounds "11"]
[EventCountry "UKR"]
[SourceTitle "CBM 215 Extra"]
[Source "ChessBase"]
[SourceDate "2023.09.30"]
[SourceVersion "1"]
[SourceVersionDate "2023.09.30"]
[SourceQuality "1"]

1. Nf3 d5 2. d4 Nf6 3. Bf4 c6 4. c3 g6 5. h3 Bg7 6. e3 0-0 7. Bd3 Nbd7 8. Nbd2 Re8 9. 0-0 Nh5 10. Bh2 e5 11. dxe5 Nxe5 12. Nxe5 Bxe5 13. Bxe5 Rxe5 14. Nf3 Re8 15. Re1 Nf6 16. c4 dxc4 17. Bxc4 Be6 18. Bxe6 Rxe6 19. Qb3 Qb6 20. Qxb6 axb6 21. Red1 b5 22. a3 Nd5 23. Rd4 Nb6 24. Rad1 Kg7 25. Rd8 Re8 26. Rxe8 Rxe8 27. Kf1 Kf6 28. Ke2 Nc4 29. Rb1 Rd8 30. Nd4 Ke7 31. g4 Rd5 32. Nb3 h5 33. e4 Rd8 34. gxh5 gxh5 35. Nc5 Rd2+ 36. Kf3 b6 37. Na6 Rxb2 38. Rd1 Ne5+ 39. Kf4 f6 40. Rg1 Rxf2+ 41. Ke3 Rf3+ 42. Ke2 Rxa3 43. Nb8 Ra2+ 44. Ke3 Ra8 45. Rg7+ Kd6 46. Rb7 h4 47. Kf4 Ra3 0-1

[Event "Sevastopol Waltz Rapid"]
[Site "Sevastopol"]
[Date "2023.06.27"]
[Round "8"]
[White "Chudinovskikh, Alexander M"]
[Black "Hasangatin, Ramil"]
[Result "0-1"]
[WhiteElo "2059"]
[BlackElo "2457"]
[PlyCount "50"]
[EventDate "2023.06.26"]
[EventType "swiss (rapid)"]
[EventRounds "11"]
[EventCountry "UKR"]
[SourceTitle "CBM 215 Extra"]
[Source "ChessBase"]
[SourceDate "2023.09.30"]
[SourceVersion "1"]
[SourceVersionDate "2023.09.30"]
[SourceQuality "1"]

1. e4 d6 2. d4 Nf6 3. Nc3 e5 4. Nf3 Nbd7 5. Bc4 Be7 6. 0-0 0-0 7. a4 c6 8. a5 exd4 9. Nxd4 Ne5 10. Be2 Re8 11. f4 Ng6 12. h3 Bf8 13. f5 Ne5 14. Bf4 d5 15. exd5 Nxd5 16. Nxd5 Qxd5 17. Nf3 Nxf3+ 18. Bxf3 Qc5+ 19. Kh1 Bxf5 20. a6 Rad8 21. Qc1 b6 22. Ra3 Be4 23. Rc3 Qb5 24. Bc7 Rd7 25. Qf4 Qxf1+ 0-1

[Event "Sevastopol Waltz op"]
[Site "Sevastopol"]
[Date "2023.06.23"]
[Round "7"]
[White "Chudinovskikh, Alexander M"]
[Black "Kryakvin, Andrey"]
[Result "1/2-1/2"]
[WhiteElo "2059"]
[BlackElo "1526"]
[PlyCount "123"]
[EventDate "2023.06.17"]
[EventType "swiss"]
[EventRounds "9"]
[EventCountry "UKR"]
[SourceTitle "CBM 214 Extra"]
[Source "ChessBase"]
[SourceDate "2023.07.31"]
[SourceVersion "1"]
[SourceVersionDate "2023.07.31"]
[SourceQuality "1"]

1. d4 Nf6 2. c4 e6 3. Nc3 Bb4 4. e3 0-0 5. Bd3 d5 6. Nge2 c5 7. 0-0 Nc6 8. cxd5 exd5 9. a3 Bxc3 10. bxc3 c4 11. Bc2 b5 12. Ng3 Be6 13. f3 a5 14. e4 Qc7 15. Rb1 Rab8 16. e5 Nd7 17. f4 f5 18. exf6 Nxf6 19. f5 Bf7 20. Bf4 Qd7 21. Bxb8 Rxb8 22. Re1 Qd6 23. Qc1 b4 24. axb4 axb4 25. Ba4 b3 26. Bxc6 Qxc6 27. Qf4 Ra8 28. Ra1 Qb7 29. h3 Be8 30. Kh2 Ra4 31. Rab1 Ra2 32. Qd6 Ra6 33. Qc5 Qb8 34. Re7 Rc6 35. Qa5 Bf7 36. Qa7 Qxa7 37. Rxa7 Rb6 38. Kg1 Ne8 39. Kf2 Nd6 40. Ke3 g6 41. Kf4 Nb5 42. Ra8+ Kg7 43. Ne2 gxf5 44. Rb2 Kf6 45. Ra4 Nd6 46. Ng3 Ne4 47. Nxe4+ fxe4 48. Ra1 Kg6 49. Ke3 Rf6 50. Rf2 Rb6 51. Rb2 Kg5 52. Rf1 Rf6 53. Rxf6 Kxf6 54. Kf4 Ke6 55. g4 Bg6 56. h4 Kd6 57. Ke3 Kc6 58. Rf2 Kb5 59. Rf8 Ka4 60. Ra8+ Kb5 61. Rf8 Ka4 62. h5 1/2-1/2

[Event "Sochi City Park op"]
[Site "Sochi"]
[Date "2022.09.21"]
[Round "7"]
[White "Zakaryan, David"]
[Black "Chudinovskikh, Alexander M"]
[Result "1/2-1/2"]
[WhiteElo "2336"]
[BlackElo "2074"]
[PlyCount "190"]
[EventDate "2022.09.15"]
[EventType "swiss"]
[EventRounds "9"]
[EventCountry "RUS"]
[SourceTitle "EXT 2023"]
[Source "ChessBase"]
[SourceDate "2022.10.05"]
[SourceVersion "1"]
[SourceVersionDate "2022.10.05"]
[SourceQuality "1"]

1. d4 Nf6 2. c4 e6 3. Nf3 c5 4. d5 exd5 5. cxd5 d6 6. Nc3 g6 7. e4 Bg7 8. h3 0-0 9. Bd3 a6 10. a4 Nh5 11. g4 Nf6 12. Bf4 Re8 13. Nd2 Nbd7 14. 0-0 h5 15. f3 hxg4 16. hxg4 Ne5 17. Be2 Nh7 18. Bg3 g5 19. Qc1 Nf8 20. Nd1 Nfg6 21. Rf2 Nf4 22. Rh2 Rb8 23. a5 b5 24. axb6 Rxb6 25. Bxf4 gxf4 26. Nc4 Nxc4 27. Bxc4 Bd4+ 28. Kf1 Qf6 29. Ra2 Kf8 30. b3 Ke7 31. Qd2 Bd7 32. Rxa6 Rxa6 33. Bxa6 Ra8 34. Qd3 Rh8 35. Rxh8 Qxh8 36. Ke1 Qb8 37. Bc4 Qa7 38. Qd2 Be5 39. Kf1 Qa1 40. Kg2 Bd4 41. Be2 Qb1 42. Bc4 Qa1 43. Kf1 Be3 44. Qd3 Bd4 45. Ke2 Kf6 46. Qc2 Kg5 47. Kd3 Be5 48. Ke2 Bd4 49. Kd2 Kh4 50. Ke1 Kg5 51. Kf1 Be3 52. Kg2 Bd4 53. Kh2 Qa5 54. Qe2 Qa1 55. Qd2 Qb1 56. Kg2 Qa1 57. Bd3 Qa3 58. Qc2 Qa5 59. Qe2 Qa1 60. Qd2 Qa3 61. Bc4 Qa1 62. Be2 Qb1 63. Qa5 Bf6 64. e5 Qc2 65. Kf1 dxe5 66. Nf2 Kh4 67. Ne4 Qc1+ 68. Kg2 Be7 69. d6 f5 70. Qxc5 Qe1 71. Qf2+ Qxf2+ 72. Kxf2 fxe4 73. dxe7 e3+ 74. Ke1 Kg5 75. b4 Kf6 76. b5 Kxe7 77. b6 Bc6 78. Ba6 Bxf3 79. b7 Bxb7 80. Bxb7 Kf6 81. Ke2 Kg5 82. Bc8 e4 83. Bb7 Kxg4 84. Bxe4 Kg3 85. Bd5 Kg4 86. Be4 Kg3 87. Bd5 Kg4 88. Be4 Kg3 89. Bd5 Kg4 90. Be4 Kg3 91. Bd5 Kg4 92. Be4 Kg3 93. Bd5 Kg4 94. Be4 Kg3 95. Bd5 Kg4 1/2-1/2

[Event "Gelendzhik op"]
[Site "Gelendzhik"]
[Date "2022.05.21"]
[Round "4"]
[White "Chudinovskikh, Alexander M"]
[Black "Vlassov, Nikolai"]
[Result "1/2-1/2"]
[WhiteElo "2112"]
[BlackElo "2294"]
[PlyCount "49"]
[EventDate "2022.05.18"]
[EventType "swiss"]
[EventRounds "9"]
[EventCountry "RUS"]
[SourceTitle "CBM 208 Extra"]
[Source "ChessBase"]
[SourceDate "2022.07.31"]
[SourceVersion "1"]
[SourceVersionDate "2022.07.31"]
[SourceQuality "1"]

1. e4 c5 2. Nf3 d6 3. Bb5+ Nd7 4. 0-0 Ngf6 5. Re1 g6 6. c3 Bg7 7. d4 0-0 8. e5 dxe5 9. dxe5 Ne8 10. Nbd2 Nc7 11. Bf1 Ne6 12. a4 Qc7 13. Nc4 b6 14. Ne3 Bb7 15. Nd5 Bxd5 16. Qxd5 Rfd8 17. Qe4 Ndf8 18. Bc4 Rab8 19. Be3 Qb7 20. Qh4 a6 21. Ng5 Bxe5 22. Bxe6 fxe6 23. Bf4 Bxf4 24. Qxf4 Rd5 25. Qf7+ 1/2-1/2

[Event "Sochi Lobanov Memorial"]
[Site "Sochi"]
[Date "2021.10.05"]
[Round "8"]
[White "Demidov, Mikhail"]
[Black "Chudinovskikh, Alexander M"]
[Result "1-0"]
[WhiteElo "2551"]
[BlackElo "2091"]
[PlyCount "95"]
[EventDate "2021.09.28"]
[EventType "swiss"]
[EventRounds "9"]
[EventCountry "RUS"]
[SourceTitle "CBM 204 Extra"]
[Source "ChessBase"]
[SourceDate "2021.11.30"]
[SourceVersion "1"]
[SourceVersionDate "2021.11.30"]
[SourceQuality "1"]

1. Nf3 c5 2. b3 d5 3. e3 Nf6 4. Bb2 e6 5. d4 cxd4 6. exd4 Bb4+ 7. c3 Bd6 8. Bd3 0-0 9. 0-0 Nc6 10. c4 Nb4 11. c5 Nxd3 12. Qxd3 Bc7 13. Nbd2 a5 14. a3 Bd7 15. Rfe1 Bc6 16. Ne5 Nd7 17. Ndf3 Re8 18. b4 axb4 19. axb4 Rxa1 20. Bxa1 f6 21. Nxc6 bxc6 22. b5 cxb5 23. Qxb5 Nf8 24. Bc3 Qb8 25. Qd3 Qb7 26. g3 Rb8 27. Ra1 Ng6 28. Qe2 Re8 29. h4 Nf8 30. Ne1 e5 31. Qa2 Ne6 32. Nc2 exd4 33. Bxd4 Rb8 34. Be3 Qb3 35. Qxb3 Rxb3 36. Ra7 Kf8 37. Kg2 Be5 38. c6 Rc3 39. Nb4 d4 40. Bd2 Rc4 41. h5 Bd6 42. h6 Bxb4 43. hxg7+ Kg8 44. Bh6 Nxg7 45. Rxg7+ Kf8 46. Rb7+ Ke8 47. Rb8+ Ke7 48. Bf8+ 1-0

[Event "Sochi Lobanov Memorial"]
[Site "Sochi"]
[Date "2021.10.04"]
[Round "7"]
[White "Derli, Olga"]
[Black "Chudinovskikh, Alexander M"]
[Result "0-1"]
[WhiteElo "2186"]
[BlackElo "2091"]
[PlyCount "72"]
[EventDate "2021.09.28"]
[EventType "swiss"]
[EventRounds "9"]
[EventCountry "RUS"]
[SourceTitle "CBM 204 Extra"]
[Source "ChessBase"]
[SourceDate "2021.11.30"]
[SourceVersion "1"]
[SourceVersionDate "2021.11.30"]
[SourceQuality "1"]

1. e4 e5 2. Nf3 d6 3. d4 exd4 4. Qxd4 Nc6 5. Bb5 Bd7 6. Bxc6 Bxc6 7. Bg5 Nf6 8. Nc3 Be7 9. 0-0-0 h6 10. Be3 0-0 11. h3 Nd7 12. Nd5 Bf6 13. Qd3 Re8 14. Kb1 Bxd5 15. exd5 Nc5 16. Bxc5 dxc5 17. g4 b5 18. h4 c4 19. Qf1 Qd6 20. c3 Qf4 21. Nd4 Qxg4 22. Nxb5 Rab8 23. Nd4 Qe4+ 24. Ka1 Qxd5 25. Nc2 Qb5 26. Rb1 Re4 27. f3 Rf4 28. Ne3 Rb6 29. Ng4 Rxg4 30. fxg4 Qb3 31. Qxf6 Rxf6 32. Rbc1 Qb5 33. Rc2 Qd5 34. Rch2 Rf2 35. a3 Rxh2 36. Rxh2 Qe6 0-1